Ethical issues in substance abuse treatment: proceedings of the 12th annual Eagleville conference, may 11, 1979

Gespeichert in:  
Bibliographische Detailangaben
Beteiligte: Ottenberg, Donald J. (Herausgegeben von) ; Madden, Elaine E. (Herausgegeben von)
Medienart: Druck Buch
Sprache:Englisch
Veröffentlicht: Eagleville, Penns. Eagleville Hospital and Rehabilitation Center 1979
In:Jahr: 1979
Bestand in Tübingen:In Tübingen vorhanden.
UB: KB 12 A 608
Verfügbarkeit prüfen: HBZ Gateway
Subito Bestelldienst: Jetzt bestellen.

MARC

LEADER 00000cam a22000002c 4500
001 1092281932
003 DE-627
005 20220514130811.0
007 tu
008 901115s1979 xx ||||| 00| ||eng c
035 |a (DE-627)1092281932 
035 |a (DE-576)022281932 
035 |a (DE-599)BSZ022281932 
035 |a (OCoLC)311547970 
040 |a DE-627  |b ger  |c DE-627  |e rakwb 
041 |a eng 
245 0 0 |a Ethical issues in substance abuse treatment  |b proceedings of the 12th annual Eagleville conference, may 11, 1979  |c Donald J. Ottenberg; Elaine E. Madden, eds. 
264 1 |a Eagleville, Penns.  |b Eagleville Hospital and Rehabilitation Center  |c 1979 
300 |a V, 255 S. 
336 |a Text  |b txt  |2 rdacontent 
337 |a ohne Hilfsmittel zu benutzen  |b n  |2 rdamedia 
338 |a Band  |b nc  |2 rdacarrier 
583 1 |a Archivierung prüfen  |c 20200919  |f DE-640  |z 1  |2 pdager 
700 1 |a Ottenberg, Donald J.  |e Hrsg.  |4 edt 
700 1 |a Madden, Elaine E.  |e Hrsg.  |4 edt 
951 |a BO 
ELC |b 1 
LOK |0 000 xxxxxcx a22 zn 4500 
LOK |0 001 215436523X 
LOK |0 003 DE-627 
LOK |0 004 1092281932 
LOK |0 005 20020606000000 
LOK |0 008 901115||||||||||||||||ger||||||| 
LOK |0 040   |a DE-21  |c DE-627  |d DE-21 
LOK |0 852   |a DE-21 
LOK |0 852 1  |c KB 12 A 608  |9 00 
LOK |0 935   |a krim 
LOK |0 936ln  |a k9.7.6 
LOK |0 939   |a 15-11-90  |b l01 
ORI |a SA-MARC-krimdoka001.raw 
SIG |a UB: KB 12 A 608